000
00307cam a22001097a 4500
008
180718b1956 xxu||||| |||| 00| 0 eng d
082
_a
B81303x54 In2/1956b
100
_a
India. Houses of Parliament
245
_a
The States Reorganisation bill, 1956
260
_a
New Delhi
_b
The author
_c
1956
300
_a
68p.
999
_c
392739
_d
392739